Top Ten cities with most Pickpocketing - Statistics

General Stats
  • This quiz has been taken 108 times
  • The average score is 9 of 10
Answer Stats
# Country City % Correct
5 France Paris
100%
2 Italy Rome
100%
4 Spain Madrid
99%
8 Netherlands Amsterdam
98%
1 Spain Barcelona
98%
9 Greece Athens
96%
3 Czech Republic Prague
96%
7 Argentina Buenos Aires
90%
10 Vietnam Hanoi
85%
6 Italy Florence
77%
No matching quizzes found
Score Distribution
Percent of People with Each Score
Percentile by Number Answered
Your Score History
You have not taken this quiz